| 000 | 02313nam a22004097a 4500 | ||
|---|---|---|---|
| 003 | KnowledgeUnlatched | ||
| 005 | 20210303104749.0 | ||
| 006 | m o d | ||
| 007 | cr u|||||||||| | ||
| 008 | 210129p20202020xx o u00| u eng d | ||
| 037 | _5BiblioBoard | ||
| 245 | 0 | 0 |
_aEIB Working Paper 2020/06 - Digital technologies and firm performance _bEvidence from Europe / _cDésirée Rückert, Gaurav Nayyar, European Investment Bank, Alison Cathles. _nVolume 2020/6 |
| 020 | _a9789286146763 | ||
| 024 | 8 | _ahttps://doi.org/10.2867/36888 | |
| 029 | 1 | _ahttps://library.biblioboard.com/ext/api/media/5f665df0-ac39-45a3-b2bf-9abd2c0d3ff9/assets/thumbnail.jpg | |
| 040 |
_aScCtBLL _cScCtBLL |
||
| 100 | 1 |
_aRückert, Désirée _eauthor. |
|
| 506 | 0 |
_aAccess copy available to the general public. _fUnrestricted _2star |
|
| 700 | 1 |
_aNayyar, Gaurav _eauthor. |
|
| 700 | 1 |
_aEuropean Investment Bank _eeditor. |
|
| 700 | 1 |
_aCathles, Alison _eauthor. |
|
| 264 | 1 | _bEuropean Investment Bank, | |
| 300 | _a1 online resource (1 p.) | ||
| 490 | 1 | _aEIB Working Papers | |
| 520 | _aAs the productivity of the European economy shows signs of slowing down, many hopes are pinned on digital technologies to reverse this trend. This study uses data from the EIBIS 2019 survey to examine whether the adoption of different digital technologies (such as advanced robotics, 3D printing, or Internet of Things) by firms in the EU have different impacts on productivity. It also examines whether these different technologies have different implications for employment growth, and whether there are complementarities between technologies when it comes to firm performance. | ||
| 588 | 0 | _aDescription based on print version record. | |
| 590 | _aKU Open Services | ||
| 650 | 7 |
_aBusiness & Economics / Finance _2bisacsh |
|
| 650 | 0 | _aEconomics | |
| 655 | 0 | _aElectronic books. | |
| 758 |
_iIs found in: _aKnowledge Unlatched _1https://openresearchlibrary.org/module/2774bc74-146a-484f-a7ba-ab1d6a09bbfb |
||
| 830 | 0 | _aEIB Working Papers | |
| 856 | 4 | 0 |
_uhttps://openresearchlibrary.org/content/5f665df0-ac39-45a3-b2bf-9abd2c0d3ff9 _zView this content on Open Research Library. _70 |
| 999 |
_c32563 _d32563 |
||